[Event "St Petersburg-ch"]
[Site "St Petersburg"]
[Date "1997.03.04"]
[Round "1"]
[White "Nepomnishay, Mikhail I"]
[Black "Andreev, Konstantin"]
[Result "1/2-1/2"]
[WhiteElo "2465"]
[BlackElo "2290"]
[PlyCount "51"]
[EventDate "1997.03.04"]
[EventType "swiss"]
[EventRounds "9"]
[EventCountry "RUS"]
[SourceTitle "CBM 058"]
[Source "ChessBase"]
[SourceDate "1997.06.01"]
[SourceVersion "1"]
[SourceVersionDate "1997.06.01"]
[SourceQuality "1"]

1. d4 Nf6 2. c4 c5 3. d5 b5 4. cxb5 a6 5. bxa6 Bxa6 6. Nc3 g6 7. e4 Bxf1 8. Kxf1 d6 9. g3 Bg7 10. Kg2 0-0 11. Nf3 Nbd7 12. Re1 Ra6 13. h3 e6 14. dxe6 fxe6 15. Bf4 Nh5 16. Be3 Qa8 17. Kg1 Bxc3 18. bxc3 Qxe4 19. Ng5 Qd5 20. Qxd5 exd5 21. Ne6 Rc8 22. Rad1 Ne5 23. Re2 Nf6 24. Nf4 Re8 25. g4 Nf7 26. Kg2 1/2-1/2

[Event "St Petersburg White Nights op"]
[Site "St Petersburg"]
[Date "1997.??.??"]
[Round "?"]
[White "Anjuhin, Alex"]
[Black "Nepomnishay, Mikhail I"]
[Result "1/2-1/2"]
[WhiteElo "2335"]
[BlackElo "2465"]
[PlyCount "100"]
[EventDate "1997.??.??"]
[EventType "swiss"]
[EventRounds "9"]
[EventCountry "RUS"]
[SourceTitle "EXT 2000"]
[Source "ChessBase"]
[SourceDate "1999.11.16"]
[SourceVersion "1"]
[SourceVersionDate "1999.11.16"]
[SourceQuality "1"]

1. e4 c5 2. d4 cxd4 3. c3 dxc3 4. Nxc3 Nc6 5. Nf3 d6 6. Bc4 e6 7. 0-0 Be7 8. Qe2 Nf6 9. Rd1 e5 10. h3 0-0 11. b4 a6 12. b5 Na5 13. Bd5 axb5 14. Qxb5 Bd7 15. Qb4 Nc6 16. Qb3 Qa5 17. a4 Qa6 18. Be3 Na5 19. Qb4 Rfc8 20. Rdc1 Nc6 21. Qb3 Nd8 22. a5 Be6 23. Bb6 Qd3 24. Ne1 Bxd5 25. exd5 Qc4 26. Qd1 Nd7 27. Na4 Qe4 28. Bc7 f5 29. Qb3 Bg5 30. Rc2 Nf7 31. Qxb7 Qd4 32. Qb2 Qxd5 33. Nb6 Nxb6 34. axb6 Rxa1 35. Qxa1 Ra8 36. Qb1 Qb7 37. Ra2 Rc8 38. Ra7 Qc6 39. b7 Qxc7 40. bxc8Q+ Qxc8 41. Qb3 Qe8 42. Nd3 e4 43. Ne1 e3 44. Nf3 exf2+ 45. Kxf2 Bd8 46. Nd4 g6 47. Qd5 Bh4+ 48. g3 Bxg3+ 49. Kg2 Kg7 50. Kxg3 Qe3+ 1/2-1/2

[Event "St Petersburg White Nights op"]
[Site "St Petersburg"]
[Date "1997.??.??"]
[Round "?"]
[White "Nepomnishay, Mikhail I"]
[Black "Shchukin, Dmitry"]
[Result "1-0"]
[WhiteElo "2465"]
[BlackElo "2310"]
[PlyCount "81"]
[EventDate "1997.??.??"]
[EventType "swiss"]
[EventRounds "9"]
[EventCountry "RUS"]
[SourceTitle "EXT 2000"]
[Source "ChessBase"]
[SourceDate "1999.11.16"]
[SourceVersion "1"]
[SourceVersionDate "1999.11.16"]
[SourceQuality "1"]

1. d4 c5 2. d5 e5 3. c4 d6 4. Nc3 Be7 5. Nf3 h6 6. g3 Nf6 7. Bg2 a6 8. 0-0 Nh7 9. a4 0-0 10. Ne1 f5 11. Nd3 g5 12. a5 Nd7 13. f3 Ndf6 14. Bd2 Qe8 15. Na4 Bd8 16. b4 e4 17. Nc1 e3 18. Be1 f4 19. bxc5 Nh5 20. g4 N5f6 21. cxd6 Bd7 22. Nd3 Bxa4 23. Rxa4 Rc8 24. Qb3 Rf7 25. c5 Nf8 26. Bc3 Ng6 27. Rfa1 Qd7 28. Rb4 Ne8 29. Be1 Bf6 30. Rb1 Rb8 31. Rb6 Ne5 32. Bb4 Qc8 33. Nxe5 Bxe5 34. Ba3 Qd8 35. Rxa6 bxa6 36. Qxb8 Qxb8 37. Rxb8 Rf8 38. d7 Bxb8 39. d8Q Nf6 40. Qb6 Be5 41. Qe6+ 1-0

[Event "Petrov Memorial op"]
[Site "St Petersburg"]
[Date "1996.??.??"]
[Round "3"]
[White "Driamin, Dmitrij"]
[Black "Nepomnishay, Mikhail I"]
[Result "1/2-1/2"]
[WhiteElo "2205"]
[BlackElo "2470"]
[PlyCount "55"]
[EventDate "1996.02.??"]
[EventType "swiss"]
[EventRounds "9"]
[EventCountry "RUS"]
[SourceTitle "CBM 052"]
[Source "ChessBase"]
[SourceDate "1996.06.01"]
[SourceVersion "1"]
[SourceVersionDate "1996.06.01"]
[SourceQuality "1"]

1. e4 c5 2. Nf3 d6 3. Bb5+ Bd7 4. Bxd7+ Qxd7 5. c4 Nf6 6. Nc3 Nc6 7. 0-0 e6 8. b3 Be7 9. Bb2 0-0 10. d3 a6 11. h3 Rab8 12. Ne2 b5 13. Ng3 a5 14. e5 dxe5 15. Nxe5 Qc7 16. Re1 bxc4 17. dxc4 a4 18. Qf3 Rfc8 19. Rad1 axb3 20. axb3 Rb7 21. Nh5 Nxe5 22. Rxe5 Qc6 23. Rxc5 Qxc5 24. Qxb7 Nxh5 25. Ba3 Qxa3 26. Qxc8+ Bf8 27. c5 Nf6 28. Rd8 1/2-1/2

[Event "St Petersburg-ch"]
[Site "St Petersburg"]
[Date "1996.??.??"]
[Round "2"]
[White "Nepomnishay, Mikhail I"]
[Black "Sivokho, Sergey V"]
[Result "1-0"]
[WhiteElo "2480"]
[BlackElo "2410"]
[PlyCount "99"]
[EventDate "1996.04.??"]
[EventType "tourn"]
[EventRounds "13"]
[EventCountry "RUS"]
[EventCategory "11"]
[SourceTitle "CBM 056"]
[Source "ChessBase"]
[SourceDate "1997.02.01"]
[SourceVersion "1"]
[SourceVersionDate "1997.02.01"]
[SourceQuality "1"]

1. d4 Nf6 2. c4 c5 3. d5 b5 4. cxb5 a6 5. bxa6 g6 6. Nc3 Bxa6 7. e4 Bxf1 8. Kxf1 d6 9. g3 Bg7 10. Kg2 0-0 11. Nf3 Qb6 12. Re1 Na6 13. Re2 Nb4 14. Bf4 Qa6 15. Qd2 Rfb8 16. Ne1 Nd7 17. a3 Qa5 18. Rc1 Na6 19. Bh6 Bh8 20. Nf3 Nc7 21. Bf4 Nb5 22. h4 Nxc3 23. bxc3 Qc7 24. Rce1 Ne5 25. Nxe5 Bxe5 26. Bxe5 dxe5 27. h5 Rxa3 28. Rh1 Ra6 29. hxg6 Rxg6 30. Rh5 Qd6 31. Re1 h6 32. Reh1 Kg7 33. Rf5 e6 34. Rfh5 exd5 35. exd5 c4 36. Re1 f6 37. Rh4 Rd8 38. Rd1 Qc5 39. Qb2 Rd7 40. Qb8 Kh7 41. Qe8 Re7 42. Qc6 Rc7 43. Qe6 Kg7 44. d6 Qc6+ 45. Qd5 Qxd5+ 46. Rxd5 Rd7 47. Rxc4 f5 48. Rc7 Rxc7 49. dxc7 Rc6 50. Rd7+ 1-0

[Event "St Petersburg-Paris"]
[Site "Paris"]
[Date "1996.??.??"]
[Round "3"]
[White "Tirard, Hugo"]
[Black "Nepomnishay, Mikhail I"]
[Result "1-0"]
[WhiteElo "2365"]
[BlackElo "2470"]
[PlyCount "69"]
[EventDate "1996.02.??"]
[EventType "schev"]
[EventRounds "9"]
[EventCountry "FRA"]
[SourceTitle "CBM 051 Extra"]
[Source "ChessBase"]
[SourceDate "1996.05.01"]
[SourceVersion "1"]
[SourceVersionDate "1996.05.01"]
[SourceQuality "1"]

1. e4 c5 2. Nf3 d6 3. d4 cxd4 4. Nxd4 Nf6 5. Nc3 a6 6. Be3 e6 7. f3 b5 8. g4 h6 9. h4 b4 10. Na4 Bd7 11. c4 Qa5 12. b3 g6 13. Rc1 Bxa4 14. bxa4 Nfd7 15. Be2 Bg7 16. 0-0 0-0 17. Qd2 Qc7 18. Bxh6 d5 19. Kg2 dxe4 20. Bxg7 Kxg7 21. h5 e5 22. Nb3 Nc6 23. fxe4 Rad8 24. Qg5 Nd4 25. Nxd4 exd4 26. Bd3 Ne5 27. Qf6+ Kh7 28. hxg6+ Nxg6 29. e5 Kg8 30. Bxg6 fxg6 31. Qxg6+ Qg7 32. Qe6+ Rf7 33. Rf6 Qh7 34. Rg6+ Kf8 35. Rh1 1-0

[Event "Petrov Memorial op"]
[Site "St Petersburg"]
[Date "1996.??.??"]
[Round "5"]
[White "Zakharov, Alexander S"]
[Black "Nepomnishay, Mikhail I"]
[Result "1/2-1/2"]
[WhiteElo "2300"]
[BlackElo "2470"]
[PlyCount "155"]
[EventDate "1996.02.??"]
[EventType "swiss"]
[EventRounds "9"]
[EventCountry "RUS"]
[SourceTitle "CBM 052"]
[Source "ChessBase"]
[SourceDate "1996.06.01"]
[SourceVersion "1"]
[SourceVersionDate "1996.06.01"]
[SourceQuality "1"]

1. e4 c5 2. c3 d5 3. exd5 Qxd5 4. d4 e6 5. Nf3 Nf6 6. Bd3 Be7 7. 0-0 0-0 8. c4 Qd7 9. dxc5 Rd8 10. Ne5 Qd4 11. Qe2 Nbd7 12. Nf3 Qxc5 13. Nc3 b6 14. Be3 Qh5 15. Ne4 Bb7 16. Qc2 Ne5 17. Nxe5 Qxe5 18. Nxf6+ Bxf6 19. Rab1 g6 20. Rfe1 Rd7 21. b3 Bg5 22. Bxb6 Qf4 23. Ba5 Bxg2 24. Be4 Bxe4 25. Qxe4 Rc8 26. Qxf4 Bxf4 27. Rbd1 Rb7 28. Bc3 Bg5 29. Rd3 Kf8 30. Red1 Ke8 31. Be5 Be7 32. Kf1 f6 33. Bd6 Rc6 34. Bxe7 Kxe7 35. Rd8 e5 36. R1d5 Ra6 37. Rh8 Ke6 38. Rd2 Rc6 39. Ke2 Kf5 40. Ke3 h5 41. Rhd8 Rcc7 42. R2d6 Kg5 43. Ke4 Re7 44. c5 Rb4+ 45. Ke3 Rc7 46. Rf8 Rxc5 47. Rfxf6 Kh4 48. Rxg6 Kh3 49. Rd1 h4 50. Ra6 Rc7 51. Rd2 Rf4 52. Ra5 Rcf7 53. Rxe5 Rf3+ 54. Kd4 Kxh2 55. Kc5 h3 56. Rdd5 Rxf2 57. a4 R7f3 58. b4 Rc2+ 59. Kb5 Rb2 60. Ka6 Rxb4 61. Rd2+ Kg3 62. a5 Rh4 63. Re7 h2 64. Rg7+ Kh3 65. Rd1 Ra3 66. Rxa7 Rh5 67. Kb6 Rg3 68. Rf7 Rb3+ 69. Ka6 Kg4 70. Rg7+ Kf3 71. Rf7+ Ke2 72. Rff1 Rb2 73. Rde1+ Kd3 74. Rd1+ Ke4 75. Rde1+ Kd4 76. Rd1+ Kc5 77. Rc1+ Kb4 78. Rf4+ 1/2-1/2

[Event "St Petersburg op"]
[Site "St Petersburg"]
[Date "1995.??.??"]
[Round "4"]
[White "Bakhrakh, Victor"]
[Black "Nepomnishay, Mikhail I"]
[Result "0-1"]
[WhiteElo "2215"]
[BlackElo "2410"]
[PlyCount "78"]
[EventDate "1995.05.??"]
[EventType "swiss"]
[EventRounds "9"]
[EventCountry "RUS"]
[SourceTitle "CBM 046 Extra"]
[Source "ChessBase"]
[SourceDate "1995.07.01"]
[SourceVersion "1"]
[SourceVersionDate "1995.07.01"]
[SourceQuality "1"]

1. e4 c5 2. Nc3 Nc6 3. g3 g6 4. Bg2 Bg7 5. d3 d6 6. Be3 Rb8 7. Qd2 b5 8. Nge2 Nd4 9. Nd1 b4 10. Nc1 Qa5 11. 0-0 e6 12. f4 Ne7 13. c3 bxc3 14. bxc3 Ndc6 15. f5 exf5 16. Bh6 Be5 17. exf5 Bxf5 18. Ne2 Be6 19. Nf4 Kd7 20. Nxe6 fxe6 21. g4 Rb6 22. Rf7 Nd8 23. Rf1 Ndc6 24. Rc1 Qa3 25. Qg5 Qxa2 26. Rf2 Qa6 27. Bf8 Ke8 28. Bh6 Qxd3 29. Ne3 Rb1 30. Rcf1 Rxf1+ 31. Rxf1 Qxc3 32. Kh1 d5 33. Rb1 Kd7 34. Rf1 Rb8 35. Rf7 Rb1+ 36. Nf1 Qd3 37. Bf8 Bd6 38. Qf6 Qe2 39. Rxh7 Rb2 0-1

[Event "St Petersburg op"]
[Site "St Petersburg"]
[Date "1995.??.??"]
[Round "8"]
[White "Ibragimov, Ildar"]
[Black "Nepomnishay, Mikhail I"]
[Result "1-0"]
[WhiteElo "2520"]
[BlackElo "2410"]
[PlyCount "149"]
[EventDate "1995.05.??"]
[EventType "swiss"]
[EventRounds "9"]
[EventCountry "RUS"]
[SourceTitle "CBM 046 Extra"]
[Source "ChessBase"]
[SourceDate "1995.07.01"]
[SourceVersion "1"]
[SourceVersionDate "1995.07.01"]
[SourceQuality "1"]

1. d4 Nf6 2. c4 e6 3. Nc3 c5 4. d5 exd5 5. cxd5 d6 6. e4 g6 7. Nf3 Bg7 8. h3 0-0 9. Bd3 b5 10. Bxb5 Nxe4 11. Nxe4 Qa5+ 12. Nfd2 Qxb5 13. Nxd6 Qa6 14. N2c4 Nd7 15. 0-0 Nb6 16. Nxb6 Qxb6 17. Nxc8 Raxc8 18. Rb1 Qd6 19. Bg5 h6 20. Be3 Rfd8 21. Qa4 Qxd5 22. Qxa7 c4 23. Qa4 Ra8 24. Qc2 Rxa2 25. Rfd1 Qa8 26. Rxd8+ Qxd8 27. Qxc4 Rxb2 28. Rxb2 Bxb2 29. Bxh6 Bd4 30. Qe2 Qf6 31. Qe8+ Kh7 32. Be3 Bxe3 33. Qxe3 Kg7 34. Qe4 Qa1+ 35. Kh2 Qb2 36. Qe3 Qc2 37. Qe5+ Kg8 38. Qf4 Qe2 39. h4 Kg7 40. Qd4+ Kg8 41. Qe3 Qg4 42. Qg5 Qd1 43. Qf6 Qd2 44. f3 Kf8 45. Qh8+ Ke7 46. Qe5+ Kf8 47. Kg3 Kg8 48. h5 gxh5 49. Qxh5 Qe3 50. Qd5 Qe2 51. Qe4 Qd2 52. Qe5 Qd3 53. Kh4 Qf1 54. Qg5+ Kf8 55. Qd8+ Kg7 56. Qd4+ Kg8 57. Qd2 Kg7 58. f4 f6 59. Kg4 Qb5 60. Qe3 Qd5 61. Qf3 Qc4 62. Kh4 Qc1 63. Qg4+ Kf7 64. Qd7+ Kg6 65. Qd3+ Kg7 66. Qd7+ Kg6 67. Qg4+ Kf7 68. Kh5 Qh1+ 69. Qh3 Qf1 70. Qd7+ Kf8 71. Qd8+ Kf7 72. Qd5+ Kg7 73. Qb7+ Kh8 74. Kg6 Qd3+ 75. Kh6 1-0

[Event "St Petersburg-ch"]
[Site "St Petersburg"]
[Date "1995.??.??"]
[Round "4"]
[White "Lukin, Andrei M"]
[Black "Nepomnishay, Mikhail I"]
[Result "1/2-1/2"]
[WhiteElo "2420"]
[BlackElo "2410"]
[PlyCount "28"]
[EventDate "1995.04.??"]
[EventType "tourn"]
[EventRounds "12"]
[EventCountry "RUS"]
[EventCategory "9"]
[SourceTitle "CBM 047"]
[Source "ChessBase"]
[SourceDate "1995.08.01"]
[SourceVersion "1"]
[SourceVersionDate "1995.08.01"]
[SourceQuality "1"]

1. e4 c5 2. Nf3 d6 3. d4 cxd4 4. Nxd4 Nf6 5. Nc3 a6 6. f4 e6 7. Be2 g6 8. 0-0 Bg7 9. a4 0-0 10. Be3 d5 11. exd5 exd5 12. f5 Nc6 13. fxg6 hxg6 14. Kh1 Re8 1/2-1/2

[Event "St Petersburg op"]
[Site "St Petersburg"]
[Date "1995.??.??"]
[Round "2"]
[White "Serper, Grigory"]
[Black "Nepomnishay, Mikhail I"]
[Result "1-0"]
[WhiteElo "2585"]
[BlackElo "2410"]
[PlyCount "77"]
[EventDate "1995.05.??"]
[EventType "swiss"]
[EventRounds "9"]
[EventCountry "RUS"]
[SourceTitle "CBM 046 Extra"]
[Source "ChessBase"]
[SourceDate "1995.07.01"]
[SourceVersion "1"]
[SourceVersionDate "1995.07.01"]
[SourceQuality "1"]

1. c4 c5 2. Nf3 Nf6 3. Nc3 e6 4. g3 b6 5. Bg2 Bb7 6. 0-0 Be7 7. d4 cxd4 8. Qxd4 d6 9. Bg5 0-0 10. Rfd1 h6 11. Bxf6 Bxf6 12. Qf4 Bxc3 13. bxc3 Na6 14. Rxd6 Qe7 15. Rad1 Rad8 16. Rxd8 Rxd8 17. Rxd8+ Qxd8 18. Nd4 Bxg2 19. Kxg2 Nc5 20. Nc6 Qd7 21. Qb8+ Kh7 22. Nxa7 Na4 23. h4 h5 24. Nb5 Qc6+ 25. Kg1 f6 26. Qd8 Nc5 27. Nd4 Qa4 28. Qxb6 Qxc4 29. Qb1+ f5 30. Qb4 Qd5 31. Qb5 Qd6 32. Qe8 Kh6 33. Qh8+ Kg6 34. Qe8+ Kh6 35. Qf7 Qd5 36. a4 Kh7 37. Qxh5+ Kg8 38. Qe8+ Kh7 39. h5 1-0

[Event "St Petersburg op"]
[Site "St Petersburg"]
[Date "1994.??.??"]
[Round "8"]
[White "Burmakin, Vladimir"]
[Black "Nepomnishay, Mikhail I"]
[Result "1-0"]
[WhiteElo "2530"]
[BlackElo "2345"]
[PlyCount "81"]
[EventDate "1994.02.??"]
[EventType "swiss"]
[EventRounds "9"]
[EventCountry "RUS"]
[SourceTitle "CBM 041"]
[Source "ChessBase"]
[SourceDate "1994.08.01"]
[SourceVersion "1"]
[SourceVersionDate "1994.08.01"]
[SourceQuality "1"]

1. d4 Nf6 2. c4 c5 3. d5 d6 4. Nc3 g6 5. e4 Bg7 6. Be2 0-0 7. Nf3 e6 8. dxe6 fxe6 9. e5 dxe5 10. Qxd8 Rxd8 11. Nxe5 Nd5 12. cxd5 Bxe5 13. Bg5 Rd6 14. 0-0-0 exd5 15. Nb5 Rb6 16. Rxd5 Nc6 17. Rxe5 Nxe5 18. Nc7 Rb8 19. Bf4 Rb4 20. Bg3 Re4 21. Bb5 c4 22. Nd5 Re2 23. Nc3 Nd3+ 24. Kd1 Re7 25. Bxc4+ Be6 26. Bxd3 Rc8 27. Kd2 Rd7 28. Ke3 Bc4 29. Rd1 Re7+ 30. Be4 b5 31. a3 Bb3 32. Rd4 a5 33. Bd6 Re6 34. f4 Bc4 35. Be5 Kf7 36. Rd7+ Re7 37. Rxe7+ Kxe7 38. Nd5+ Ke6 39. Nb6 Rd8 40. Nxc4 bxc4 41. Bc7 1-0

[Event "St Petersburg op"]
[Site "St Petersburg"]
[Date "1994.??.??"]
[Round "2"]
[White "Najer, Evgeniy"]
[Black "Nepomnishay, Mikhail I"]
[Result "0-1"]
[WhiteElo "2495"]
[BlackElo "2345"]
[PlyCount "72"]
[EventDate "1994.02.??"]
[EventType "swiss"]
[EventRounds "9"]
[EventCountry "RUS"]
[SourceTitle "CBM 041"]
[Source "ChessBase"]
[SourceDate "1994.08.01"]
[SourceVersion "1"]
[SourceVersionDate "1994.08.01"]
[SourceQuality "1"]

1. e4 c5 2. Nc3 d6 3. f4 Nc6 4. Nf3 g6 5. Bb5 Bd7 6. 0-0 Bg7 7. d3 a6 8. Bxc6 Bxc6 9. Qe1 Qd7 10. Qh4 f5 11. Nd5 Qd8 12. Ng5 e6 13. Qe1 Kd7 14. Nf7 exd5 15. Nxd8 Rxd8 16. e5 d4 17. c3 dxc3 18. Qxc3 Kc8 19. Qc4 Rd7 20. Be3 dxe5 21. fxe5 Bxe5 22. Qxc5 Bg7 23. Qa7 Ne7 24. Rac1 Rxd3 25. Kh1 Be5 26. Bf4 Bxf4 27. Rxf4 Rhd8 28. h4 Rd2 29. Rf2 R2d4 30. Kg1 Rxh4 31. Re2 Re4 32. Rxe4 fxe4 33. Qe3 Nf5 34. Rxc6+ bxc6 35. Qxe4 Rd1+ 36. Kf2 Rf1+ 0-1